00495nam a2200097Ia 4500008004100000100007900041245018400120260002700304650001400331856005200345171212s9999 xx 000 0 und d aFaxon-Mills, Susannah;Hamilton, Laura S.;Rudnick, Mollie;Stecher, Brian M. cFaxon-Mills, Susannah;Hamilton, Laura S.;Rudnick, Mollie;Stecher, Brian M.aNew Assessments, Better Instruction?bDesigning Assessment Systems to Promote Instructional Improvement bRAND Corporationc2013 aEducation uhttp://www.jstor.org/stable/10.7249/j.ctt5hhtkh